<?xml version="1.0" encoding="UTF-8"?>
<record
    xmlns:xsi="http://www.w3.org/2001/XMLSchema-instance"
    xsi:schemaLocation="http://www.loc.gov/MARC21/slim http://www.loc.gov/standards/marcxml/schema/MARC21slim.xsd"
    xmlns="http://www.loc.gov/MARC21/slim">

  <leader>     cas a22     7a 4500</leader>
  <datafield tag="999" ind1=" " ind2=" ">
    <subfield code="c">7138</subfield>
    <subfield code="d">7138</subfield>
  </datafield>
  <controlfield tag="003">OSt</controlfield>
  <controlfield tag="005">20180510123512.0</controlfield>
  <controlfield tag="008">180510d18921894spcw| p|| ||| 0   b|spa|d</controlfield>
  <datafield tag="040" ind1=" " ind2=" ">
    <subfield code="a">ES-BaCBU</subfield>
    <subfield code="b">cat</subfield>
    <subfield code="c">CDMR</subfield>
  </datafield>
  <datafield tag="245" ind1="0" ind2="3">
    <subfield code="a">La Velada</subfield>
    <subfield code="b">: semanario ilustrado</subfield>
  </datafield>
  <datafield tag="260" ind1=" " ind2=" ">
    <subfield code="a">Barcelona :</subfield>
    <subfield code="b">Espasa y Compa&#xF1;&#xED;a,</subfield>
    <subfield code="c">1892-1894</subfield>
  </datafield>
  <datafield tag="300" ind1=" " ind2=" ">
    <subfield code="a">109 n&#xFA;ms. :</subfield>
    <subfield code="b">il.;</subfield>
    <subfield code="c">34 cm</subfield>
  </datafield>
  <datafield tag="310" ind1=" " ind2=" ">
    <subfield code="a">Setmanal</subfield>
  </datafield>
  <datafield tag="362" ind1="0" ind2=" ">
    <subfield code="a">A&#xF1;o 1, no. 1 (4 jun. 1892)-a&#xF1;o 3, no. 109 (30 jun. 1894)</subfield>
  </datafield>
  <datafield tag="500" ind1=" " ind2=" ">
    <subfield code="a">Dirigida per: Joan Ma&#xF1;&#xE9; i Flaquer ; col&#xB7;laborador: J. Maragall i Gorina</subfield>
  </datafield>
  <datafield tag="500" ind1=" " ind2=" ">
    <subfield code="a">Cap&#xE7;alera mixta il. per: Apeles Mestres</subfield>
  </datafield>
  <datafield tag="510" ind1="3" ind2=" ">
    <subfield code="a">Palau 356.913</subfield>
  </datafield>
  <datafield tag="515" ind1=" " ind2=" ">
    <subfield code="a">N&#xFA;m. prospecte sense designaci&#xF3; num&#xE8;rica ni cronol&#xF2;gica: maig 1892</subfield>
  </datafield>
  <datafield tag="530" ind1=" " ind2=" ">
    <subfield code="a">Existeix una edici&#xF3; digital en acc&#xE9;s obert</subfield>
  </datafield>
  <datafield tag="555" ind1=" " ind2=" ">
    <subfield code="a">&#xCD;ndex anual al darrer n&#xFA;m. de l'any</subfield>
  </datafield>
  <datafield tag="580" ind1=" " ind2=" ">
    <subfield code="a">Continuaci&#xF3; de: Semana popular</subfield>
  </datafield>
  <datafield tag="650" ind1="0" ind2="9">
    <subfield code="a">Revistes</subfield>
    <subfield code="2">thub</subfield>
  </datafield>
  <datafield tag="650" ind1="0" ind2="4">
    <subfield code="a">Informaci&#xF3; general</subfield>
    <subfield code="z">Europa</subfield>
    <subfield code="x">Revistes</subfield>
  </datafield>
  <datafield tag="651" ind1=" " ind2="4">
    <subfield code="a">Barcelona (Catalunya)</subfield>
  </datafield>
  <datafield tag="700" ind1="1" ind2=" ">
    <subfield code="a">Ma&#xF1;&#xE9; y Flaquer, Juan,</subfield>
    <subfield code="d">1823-1901,</subfield>
    <subfield code="e">dir.</subfield>
  </datafield>
  <datafield tag="700" ind1="1" ind2=" ">
    <subfield code="a">Maragall, Joan</subfield>
    <subfield code="d">1860-1911</subfield>
    <subfield code="9">196</subfield>
  </datafield>
  <datafield tag="700" ind1="1" ind2=" ">
    <subfield code="a">Mestres, Apel&#xB7;les,</subfield>
    <subfield code="d">1854-1936,</subfield>
    <subfield code="e">il.</subfield>
  </datafield>
  <datafield tag="856" ind1="4" ind2="1">
    <subfield code="z">(Acc&#xE9;s lliure)</subfield>
    <subfield code="u">http://ddd.uab.cat/record/68113</subfield>
  </datafield>
  <datafield tag="942" ind1=" " ind2=" ">
    <subfield code="c">SER</subfield>
  </datafield>
  <datafield tag="952" ind1=" " ind2=" ">
    <subfield code="0">0</subfield>
    <subfield code="1">0</subfield>
    <subfield code="4">0</subfield>
    <subfield code="7">0</subfield>
    <subfield code="a">CDMR</subfield>
    <subfield code="b">CDMR</subfield>
    <subfield code="d">2018-05-10</subfield>
    <subfield code="e">Donaci&#xF3;</subfield>
    <subfield code="l">0</subfield>
    <subfield code="o">Du / F</subfield>
    <subfield code="p">CDMR18050003</subfield>
    <subfield code="r">2018-05-10</subfield>
    <subfield code="w">2018-05-10</subfield>
    <subfield code="y">SER</subfield>
  </datafield>
</record>
